000 00658nam a2200205 a 4500
005 20210219153537.0
008 991125n 000 0 spa u
035 _aUPN01000105614
100 _aGRIBBON, Anthony
222 _aREVISTA DE LA EDUCACION SUPERIOR
245 _a¿Idealismo o matrimonio por conveniencia? un examen de las relaciones internas en los programas de intercambio internacional
260 _aMEXICO
300 _a87-100
362 _a1996 25 (1), no. 97, ene.-mar.
653 0 _aINTERCAMBIO ACADEMICO
653 0 _aUNIVERSIDAD DE WARWICK (REINO UNIDO)
653 0 _aUNIVERSIDADES
904 _aAC
_b043425
905 _aArticulo
999 _c79562
_d79562